000 00501pab a2200181 454500
008 180718b2011 xxu||||| |||| 00| 0 eng d
100 _aBiswas, S.K.
245 _aStatus of tribal women in Andaman and Nicobar islands
260 _c2011
300 _ap.24-31.
362 _aJul
650 _aTribes - India - Andaman and Nicoban Islands
650 _aWomens status - India - Andaman and Nicobar Islands
650 _aWomens Status
773 _aAsian Studies
908 _aN
909 _a94587
999 _c94587
_d94587